000 01440nmm a22002291a 4500
003 OSt
005 20251104094600.0
008 251104b |||||||| |||| 00| 0 eng d
040 _cDO
110 _aDepartment of Education--Philippines
245 _aAmendments and clarifications to DepED Order No. 024, s2025
_b(Guidelines on the Implementation of the Expanded Career Progression System for Teachers and School Heads in the Department of Education)
250 _a2025
264 _aDepEd Order (Nos. 24 and 019, s. 2025
300 _a11p
336 _3DepEd Order (Nos. 24 and 019, s. 2025
500 _aDO Amendments and Clarifications to DO O24. s. 2025
520 _aExpanded Career Progression (ECP) System for Teachers and School Heads, pursuant to Executive Order (EO) No. 174, s. 20221, its Implementing Rules and Regulations, and Department Budget and Management (DBM)-DepEd Joint Circular No. 1, s. 2025, the following amendments and addenda to DepEd Order (DO) No. 024, s. 2025 (Guidelines on the Implementation of the Expanded Career Progression System for Teachers and School Heads in the Department of Education) are hereby issued to facilitate a smooth transition, strengthen policy clarity, and provide operational guidance to ensure uniform and responsive implementation.
650 _xAmendment
650 _xPolicy
856 _uhttps://www.deped.gov.ph/wp-content/uploads/DO_s2025_034r.pdf
942 _2ddc
_cCF
999 _c5576
_d5576